[Event "FRA-ch op-D"]
[Site "Nancy"]
[Date "2013.08.15"]
[Round "4"]
[White "Lopez, Charles"]
[Black "Courthaudon, Philippe"]
[Result "1-0"]
[WhiteElo "1428"]
[BlackElo "1499"]
[PlyCount "79"]
[EventDate "2013.08.11"]
[EventType "swiss"]
[EventRounds "11"]
[EventCountry "FRA"]
[SourceTitle "CBM 156 Extra"]
[Source "ChessBase"]
[SourceDate "2013.10.22"]
[SourceVersion "1"]
[SourceVersionDate "2013.10.22"]
[SourceQuality "1"]

1. d4 g6 2. c4 Bg7 3. Nf3 d6 4. g3 b6 5. Bg2 Bb7 6. 0-0 e6 7. Nc3 Nd7 8. Re1 Ne7 9. e4 a6 10. Be3 h6 11. Qc2 c5 12. Rad1 cxd4 13. Nxd4 Ne5 14. b3 Qc7 15. Qe2 N7c6 16. Nxc6 Bxc6 17. f3 Nxf3+ 18. Bxf3 Bxc3 19. Rf1 Ke7 20. Qf2 Rab8 21. Bg2 f6 22. Bf4 e5 23. Be3 Rhf8 24. Bxh6 Rf7 25. Kh1 Bd4 26. Qf3 Qc8 27. Bg7 f5 28. Bh6 Bxe4 29. Bg5+ Ke8 30. Qe2 Bxg2+ 31. Kxg2 Qc6+ 32. Rf3 e4 33. Rxd4 Kd7 34. Re3 Rh8 35. h4 Ke6 36. Qd2 Rd7 37. Rd5 Rg8 38. Qd4 Rf8 39. Kh3 Rff7 40. Rxe4+ 1-0